| 000 | 00788nac a22002051u 4500 | ||
|---|---|---|---|
| 010 | _a 95081785 | ||
| 020 | _a0155032860 | ||
| 082 | 0 | 0 |
_a302.2 _bA2371 |
| 090 |
_c4064 _d4064 |
||
| 100 | _aAdler, Ronald B. | ||
| 245 | 1 | 0 |
_aUnderstanding human communication / _cRonald B. Adler, George Rodman. |
| 250 | _a6th ed. | ||
| 260 |
_aFort Worth : _bHarcourt Brace College Publishers,1997 _c1997. |
||
| 300 |
_axxiii, 525 p. : _bill. (some col.) ; _c23 cm. |
||
| 504 | _aIncludes bibliographical references and index. | ||
| 650 | 0 | _aCommunication. | |
| 700 | 1 |
_aRodman, George R., _d1948- |
|
| 942 |
_cBB _k302.2A2371 |
||
| 999 |
_c4064 _d4064 |
||